Normal view MARC view
  • Lynch , Eleanor W

Entry Personal Name

Number of records used in: 1

001 - CONTROL NUMBER

  • control field: 133994

003 - CONTROL NUMBER IDENTIFIER

  • control field: NUST

005 - DATE AND TIME OF LATEST TRANSACTION

  • control field: 20260408143241.0

008 - FIXED-LENGTH DATA ELEMENTS

  • fixed length control field: 260408|| aca||aabn | a|a d

040 ## - CATALOGING SOURCE

  • Original cataloging agency: NUST
  • Transcribing agency: NUST

100 ## - HEADING--PERSONAL NAME

  • Personal name: Lynch , Eleanor W

670 ## - SOURCE DATA FOUND

  • Source citation: Work cat.: (NUST): Lynch , Eleanor W., Developing Cross-Cultural Competence: A Guide for Working With Children and Their Families /, 1998.
© 2023 Central Library, National University of Sciences and Technology. All Rights Reserved.